000 02980nam a2200373 a 4500
001 54146
003 AR-BaAGN
005 20250311142041.0
007 ta
008 s ag |||||r|||| ||| ||spa d
020 _a978-987-558-812-7
040 _aAR-BaAGN
_bspa
_eaacr
100 1 _aAbbattista, María Lucía,
_96012
245 1 3 _aEl diario de los chicos :
_buna experiencia revolucionaria de comunicación en 1973 /
_cLucía Abbattista y Daniel Badenes.
250 _a1a ed.
260 _aBernal :
_bUniversidad Nacional de Quilmes,
_c2022.
300 _a173 páginas :
_bfacsímiles, fotografías blanco y negro ;
_c20 cm.
336 _btxt
_2rdacontent
337 _bn
_2rdamedia
338 _bnc
_2rdacarrier
490 0 _aComunicación y Cutura / dirigida por Alejandro Kaufman
505 0 _aIntroducción -- 1. Prohibido no participar -- 2. Comunicación para la liberación -- 3. Un periódico ilustrado -- 4. Primeras impresiones -- 5. El diario en la escuela – 6. Los chicos toman la palabra -- 7. Cambiar la historia -- 8. El país en viñetas -- 9. La Quimantú que no fue – 10. Una nube clara en la tormenta – Epílogo – Fuentes y bibliografía.
520 3 _aEsta obra rescata una original experiencia de prensa dirigida a las infancias hace cincuenta años. “Pensamos que los chicos tienen derecho a saber lo que pasa todos los días –se presentaba El diario de los chicos en octubre de 1973–. Tienen derecho a saber que cambió el presidente y por qué cambió; o que hubo inundaciones en muchos lugares del país; o que se construye un dique, cómo se hace y para qué va a servir; y quién decide qué hay que estudiar en las escuelas; y tantas otras cosas. Todo lo que pasa en el país y en el mundo tiene que ver con nuestra vida y la de los demás. Es importante conocerlo, saber qué cosas nos gustan y cuáles queremos cambiar. [...] Queremos que cada chico sepa lo que quiere, tenga una opinión propia. Y para tener opiniones hay que estar informados. Están pasando cosas que conmueven a todo el país. Todos tenemos algo que ver con lo que pasa, porque el país somos todos nosotros, también los chicos”. Que los movimientos sociales y políticos populares tienen como propósito ampliar derechos, que las infancias son destinatarias privilegiadas, que todavía seguimos colectivamente en la búsqueda de infancias apropiadas y que tantas atraviesan hoy sinsabores. Que historia y memoria de las culturas y las luchas populares nos acompañen siempre como lo hacen en este entrañable y comprometido libro. (Descripción del editor).
630 4 _aEl diario de los chicos
650 4 _aPUBLICACIONES PERIÓDICAS
_91462
650 4 _aHISTORIA ARGENTINA
_92450
650 4 _aCOMUNICACIÓN
_9657
650 4 _aEDUCACIÓN
_91547
650 4 _aNIÑOS
_91865
700 1 _aBadenes, Daniel,
_d1982-
_98118
700 1 _aKaufman, Alejandro,
_d1954-
_94998
710 2 _aUniversidad Nacional de Quilmes
942 _cLIBRO
_kAGN
_n0
999 _c54146
_d54146